00000000nam 2200000za 4500
0019.676589
003CaOODSP
00520250110102418
007cr |||||||||||
008150407|2011||||xxc|||||o    f|0| 0 chi d
040 |aCaOODSP|beng
041 |achi
043 |an-cn---
0861 |aA15-11512/2011Ch-PDF
1101 |aCanada. |bAgriculture and Agri-Food Canada.
24510|a[Canadian fish and seafood : |h[electronic resource]|bsupplying value and variety].
250 |a[Chinese edition].
260 |aOttawa - Ontario : |bAgriculture and Agri-Food Canada |c[2011].
300 |a2p.
500 |aIssued also in English under title: Canadian fish and seafood: supplying value and variety.
546 |aText in Chinese.
590 |a13-10-Supp|b2013-04-13
69007|aAgri-food industry|2gcpds
77508|tCanadian fish and seafood : |w(CaOODSP)9.695120
792 |t[Poissons et fruits de mer canadiens : |efre|w(CaOODSP)9.676590
85640|ahttp://publications.gc.ca|qPDF|s472 KB|uhttps://publications.gc.ca/collections/collection_2013/aac-aafc/A15-11512-2011-chi.pdf